Célébrités décédées en 2023 - Statistiques

Statistiques générales
  • Ce quiz a été pris 231 fois
  • Le résultat moyen est 7 sur 20
Statistiques - réponses
Par images Hint Réponse % Correct
Femme d'affaire française (1er août) Geneviève de Fontenay
85%
Chanteuse anglaise (16 juillet) Jane Birkin
70%
Chanteuse américaine (24 mai) Tina Turner
67%
Actrice française (23 mars) Marion Game
61%
Acteur américain (28 octobre) Matthew Perry
58%
Président italien (12 juin) Silvio Berlusconi
58%
Humoriste français (1er juin) Guillaume Bats
47%
Couturier franco-espagnol (3 février Paco Rabanne
44%
Acteur français (15 décembre) Guy Marchand
40%
Politicien français (25 novembre) Gérard Collomb
32%
Journaliste français (3 octobre) Jean-Pierre Elkabbach
27%
Journaliste française (20 juin) Claude Sarraute
23%
Acteur britannico-irlandais (19 octobre) Michael Gambon
13%
Acteur français (5 mai) Michel Cordes
13%
Acteur américain (31 juillet) Angus Cloud
8%
Avocat français (9 mai) Georges Kiejman
7%
Actrice américaine (15 février) Raquel Welch
7%
Chanteur américain (19 janvier) David Crosby
6%
Acteur américain (17 mars) Lance Reddick
4%
Compositeur japonais (28 mars) Ryūichi Sakamoto
4%
Aucun quiz correspondant
Distribution des résultats
% des personnes avec chaque résultat
Percentile par nombre de réponses
Votre historique - résultats
Vous n’avez pas pris ce quiz